MARC

LEADER 00000nam0a2200000 4500
001 305925
005 20231102001840.0
035 |a (RuTPU)RU\TPU\book\331200 
090 |a 305925 
100 |a 20151001d1973 k y0rusy50 ca 
101 1 |a rus  |c eng 
102 |a RU 
105 |a a z 001zy 
200 1 |a Шум. Источники, описание, измерение  |e пер. с англ.  |f А. Ван дер Зил  |g под ред. А. К. Нарышкина ; пер. В. Н. Кулешова , Д. П. Царапкина 
210 |a Москва  |c Советское радио  |d 1973 
215 |a 229 с.  |c ил. 
320 |a Библиогр.: с. 221-225. 
320 |a Предметный указатель: с. 226-227. 
606 1 |a Электронные приборы  |x Шумы  |2 stltpush  |3 (RuTPU)RU\TPU\subj\20494  |9 45595 
610 1 |a математические методы 
610 1 |a спектральный анализ 
610 1 |a шумы 
610 1 |a измерения 
610 1 |a источники 
610 1 |a усилители 
610 1 |a детекторы 
610 1 |a тепловой шум 
610 1 |a генерация 
610 1 |a дробовой шум 
610 1 |a шум токораспределения 
610 1 |a фликкер-шум 
610 1 |a взрывной шум 
610 1 |a мазеры 
610 1 |a лазеры 
610 1 |a смесители 
675 |a 621.38:621.39  |v 3 
700 1 |a Ван дер Зил  |b А.  |g Альдерт 
702 1 |a Нарышкин  |b А. К.  |4 340 
702 1 |a Кулешов  |b В. Н.  |4 730 
702 1 |a Царапкин  |b Д. П.  |4 730 
801 1 |a RU  |b 63413507  |c 20151001 
801 2 |a RU  |b 63413507  |c 20160504  |g RCR 
942 |c BK